Où sommes-nous ? - Statistiques

Statistiques générales
  • Ce quiz a été pris 215 fois
  • Le résultat moyen est 12 sur 16
Statistiques - réponses
Par images Réponse % Correct
France
100%
États-Unis
99%
Égypte
97%
Grèce
95%
Japon
94%
Mexique
94%
Canada
83%
Brésil
79%
Australie
67%
Danemark
65%
Inde
65%
Cuba
60%
Maroc
55%
Cambodge
48%
Mongolie
38%
Slovénie
22%
Aucun quiz correspondant
Distribution des résultats
% des personnes avec chaque résultat
Percentile par nombre de réponses
Votre historique - résultats
Vous n’avez pas pris ce quiz